000 00344nam a2200145Ia 4500
008 221030s9999 xx 000 0 und d
020 _a8190691925
041 _aEnglish
100 _aS. H. Saeed
245 0 _aAutomatic Control Systems
_cby S. H. Saeed
260 _bKatson
_aNew Delhi
_c2015
300 _a675
650 _aEE
942 _cBK
999 _c15674
_d15674